| 000 | 00472nam a2200157 4500 | ||
|---|---|---|---|
| 001 | 122429 | ||
| 003 | ES-MaACL | ||
| 005 | 20230906191957.0 | ||
| 007 | t| | ||
| 008 | 070214s1978 sp r ||||1| spa d | ||
| 245 | 0 | 0 |
_aPrimeras sociedades de clases y modo de producción asiático / _cA. Ruíz Rodríguez... [et al.]. |
| 260 |
_aMadrid : _bAkal, _c1978. |
||
| 300 |
_a294 p. ; _c22 cm. |
||
| 700 | 1 |
_aRuíz Rodríguez, A. _9100914 |
|
| 852 |
_aES-MaACL _jA-9732 _bR.98709 |
||
| 999 |
_c122429 _d122429 |
||